02369nam a2200565 a 450000500170000000800410001702000220005804100080008010000320008824500760012025000110019626000600020730000280026750001730029565300250046865300230049365300230051665300440053965300290058365300420061265300410065465300500069565300940074565300700083965300660090965300730097565300540104865300500110265300500115265300580120265300250126065300210128565300330130665300270133965300250136665300420139165300320143365300320146565300260149765300260152365300230154965300230157265300270159565300220162265300280164465300310167265300410170370000290174470000300177320240412121547.0100309t2007||||sp a f |||| 001 0 spa d a978-897-558-117-3 aspa1 aHuñis, Adrián P.eComp. aIntroducción a la oncología clínica.bT.1 / cAdrián P. Huñis a1a ed. aBuenos Aires: bUniversidad Nacional de Quilmes;c2007. a1007 p.bil.c15x22 cm. aHuñis, A. P., Alonso, D. F. y Gómez, D. E. (Comp.). (2007). Introducción a la oncología clínica. T.1 (1a ed.). Buenos Aires : Universidad Nacional de Quilmes. aBiología molecular aBiología celular aBiología tumoral aPropiedades de la célula transformada aEtiología del cáncer aOncogenes y genes supresores de tumor aPerspectiva en oncología molecular aPrevención primaria, secundaria y terciaria aAnatomía patológica y el papel del anatomopatológo en el diagnóstico del cáncer aValor de los diferentes métodos de diagnóstico por imágenes aValor del laboratorio general y del laboratorio especializado aValor de los métodos endoscópicos en diagnóstico y tratamiento aPrincipios generales del tratamiento quirúrgico aPrincipios generales del tratamiento radiante aPrincipios generales del tratamiento médico aPrincipios generales de los tratamientos biológicos aCáncer de pulmón aCáncer de mama aCáncer de mama hereditario aCáncer de próstata aCáncer colorrectal aCáncer del sistema nervioso central aCáncer de cabeza y cuello aCáncer de piel y melanoma aCáncer de riñón aCáncer de testiculo aCáncer de vejiga aCáncer de ovario aCáncer de endometrio aCáncer de vulva aTumores del trofoblasto aCáncer de cuello uterino aSarcomas óseos y de partes blandas1 aAlonso, Daniel F.eComp.1 aGómez, Daniel E.eComp.